000 00679nam a2200241Ia 4500
005 20260121112929.0
008 9941 260114s9999 xx 000 0 eng d
020 _a9789814528801
037 _aEBOOK
040 _aCRL
_beng
_cCRL
041 _aeng
_2eng
084 _qCRL
100 _aDe Roeck A & Wagner A
_9965505
245 0 _aLepton-Photon Interactions, Lp'97 - Proceedings of the Xviii International Symposium
260 _bWorld Scientific
260 _bWSPC
260 _c1998
650 _aPhysics
_9965506
856 _uhttps://www.worldscientific.com/worldscibooks/10.1142/3718#t=toc
942 _cEBOOK
999 _c1547241
_d1547241